Statistics for 1934 FIFA World Cup Results

Click here to take the quiz!

General Stats

  • This quiz has been taken 128 times
  • The average score is 13 of 16

Answer Stats

Nation % Correct
Italy
100%
Brazil
98%
Argentina
94%
France
94%
Spain
92%
Germany
87%
Sweden
83%
Hungary
81%
United States
81%
Austria
79%
Netherlands
79%
Belgium
77%
Czechoslovakia
75%
Switzerland
71%
Romania
69%
Egypt
40%

Score Distribution

Percentile by Number Answered

Percent of People with Each Score

Your Score History

You have not taken this quiz